| 000 | 00912 a2200253 4500 | ||
|---|---|---|---|
| 020 | _a0071142487 | ||
| 020 | _a9780071142489 | ||
| 082 | 0 | 4 | _a658.562015195 |
| 090 |
_c784 _d784 |
||
| 100 | 1 | _aGrant, Eugene. | |
| 245 | 1 | 0 |
_aStatistical quality control / _cEugene Grant. |
| 250 | _a7Rev Ed ed. | ||
| 260 |
_a[S.l.] : _bMcGraw-Hill Education (ISE Editions), _c1996. |
||
| 300 | _a720 p. | ||
| 490 | 1 | _aMcgraw-hill series in industrial engineering and management science. | |
| 500 | _aImport. | ||
| 500 | _aHardcover. | ||
| 700 | 1 | _aLeavenworth, Richard. | |
| 700 | 1 | _aLeavenworth, Richard S. | |
| 830 | 0 | _aMcgraw-hill series in industrial engineering and management science. | |
| 856 | 4 | 0 |
_3Amazon.com _uhttp://www.amazon.com/exec/obidos/ASIN/0071142487/chopaconline-20 |
| 856 | 4 | 0 |
_3Amazon customer reviews _uhttp://www.chopac.org/cgi-bin/tools/azrev.pl?q=0071142487 |
| 942 |
_aNBS _cBK _k658.562 GRA |
||
| 999 |
_c343332 _d343332 |
||